[Event "Merida World Heritage op 1st"]
[Site "Merida"]
[Date "2021.08.08"]
[Round "9"]
[White "Herrero Pena, Laura"]
[Black "Otero Ramirez, Angel"]
[Result "0-1"]
[WhiteElo "1229"]
[BlackElo "1714"]
[PlyCount "112"]
[EventDate "2021.08.04"]
[EventType "swiss"]
[EventRounds "9"]
[EventCountry "ESP"]
[SourceTitle "EXT 2023"]
[Source "ChessBase"]
[SourceDate "2022.10.05"]
[SourceVersion "1"]
[SourceVersionDate "2022.10.05"]
[SourceQuality "1"]

1. d4 Nf6 2. Nf3 g6 3. Nc3 d5 4. Bf4 c6 5. e3 Bg7 6. Be2 0-0 7. Ne5 Nbd7 8. h4 Nxe5 9. Bxe5 Qb6 10. Rb1 Qa5 11. Bxf6 Bxf6 12. h5 e5 13. b4 Qc7 14. hxg6 fxg6 15. Bg4 exd4 16. exd4 Qf4 17. Bf3 Qxd4 18. Qxd4 Bxd4 19. Ne2 Bf6 20. 0-0 Bf5 21. b5 Bxc2 22. Rbc1 Ba4 23. bxc6 bxc6 24. Bg4 Bb5 25. Rfe1 Rfe8 26. Ng3 Bg5 27. Rb1 Kf7 28. Bd7 Rxe1+ 29. Rxe1 Rd8 30. Be6+ Kf6 31. Bg4 h5 32. Bh3 h4 33. Nf1 d4 34. g3 d3 35. Rd1 Ba4 36. Ra1 d2 37. Nxd2 Rxd2 38. gxh4 Bxh4 39. f3 Bf2+ 40. Kh1 Bd4 41. Re1 Rd1 42. Rxd1 Bxd1 43. Bg4 c5 44. Kg2 Be2 45. Bd7 a6 46. Ba4 Kf5 47. Kg3 c4 48. Bc2+ Bd3 49. Bxd3+ cxd3 50. f4 Ke4 51. Kg2 d2 52. f5 gxf5 53. a4 d1Q 54. a5 Qg1+ 55. Kh3 Kf4 56. Kh4 Qh1# 0-1

[Event "Pedrido Memorial"]
[Site "Vilagarcia de Arousa"]
[Date "2006.08.29"]
[Round "5"]
[White "Otero Ramirez, Angel"]
[Black "Vidal del Rio, Manuel"]
[Result "0-1"]
[WhiteElo "1870"]
[BlackElo "2178"]
[PlyCount "82"]
[EventDate "2006.07.25"]
[EventType "swiss"]
[EventRounds "9"]
[EventCountry "ESP"]
[SourceTitle "CBM 113 Extra"]
[Source "ChessBase"]
[SourceDate "2006.09.14"]
[SourceVersion "1"]
[SourceVersionDate "2006.09.14"]
[SourceQuality "1"]

1. c4 e5 2. g3 d6 3. Bg2 g6 4. Nc3 Bg7 5. d3 c6 6. Nf3 f5 7. 0-0 Nf6 8. Bd2 h6 9. Qc1 Be6 10. b3 Nbd7 11. Rb1 d5 12. cxd5 Nxd5 13. e4 Nb4 14. Ne1 Nc5 15. Qa3 Nbxd3 16. Be3 Nxe1 17. Rfxe1 Nd7 18. Rbd1 Qc7 19. Rd6 Kf7 20. Rd3 Rhd8 21. Qc1 Qa5 22. Bxh6 Nc5 23. Rxd8 Rxd8 24. Bxg7 Nd3 25. Qg5 Kxg7 26. Qe7+ Bf7 27. Rd1 Re8 28. Qd7 Rd8 29. Qe7 Re8 30. Qd7 Nxf2 31. Kxf2 Qxc3 32. Rd2 Re6 33. Ke2 Qb4 34. Qd3 Rf6 35. Bf3 f4 36. g4 g5 37. Qd7 Rh6 38. Kf1 Qc3 39. Be2 Rxh2 40. Bc4 Qf3+ 41. Ke1 Rh1+ 0-1